Largest Lakes In Finland - Statistics

General Stats
  • This quiz has been taken 55 times
  • The average score is 5 of 10
Answer Stats
Size (km2) Answer % Correct
1,377.05 Saimaa
98%
1,040.28 Inari
88%
1,080.63 Päijänne
83%
887.09 Oulujärvi
48%
894.21 Pielinen
48%
472.76 Kallavesi
44%
493.59 Keitele
27%
601.30 Orivesi
23%
562.31 Haukivesi
21%
712.59 Pihlajavesi
21%
No matching quizzes found
Score Distribution
Percent of People with Each Score
Percentile by Number Answered
Your Score History
You have not taken this quiz